000 00761aam a2200277 i 4500
001 768714001
003 CO-MdFUSB
005 20250430104631.0
007 ta
008 250430t1953 pau |||| |||| 00| 0 eng d
040 _cCO-MdFUSB
041 0 _aeng
082 0 4 _223
_a239
_bV282i
100 1 _aVan Til, Cornelio (1895-)
_eautor
245 1 0 _aThe intellectual challenge of the gospel
_c/ Cornelius Van Til
264 0 _bWestminster Theological Seminary,
_aFiladelfia :
_c[1953]
300 _a40 páginas
336 _atexto
_btxt
_2rdacontent
337 _2rdamedia
_asin mediación
_bn
338 _2rdacarrier
_avolumen
_bnc
563 _aRústico
650 7 _aApologética
_9187
942 _cBK
945 _aJTF-925
999 _c35255
_d35255